01016na a2200277 450000100060000000300080000600500170001400800410003102000180007204000250009004100080011508200220012309000210014511100640016624500860023026000460031630000190036244000490038149000460043065000570047665000420053371000320057594200130060795201030062099900150072317941MIRAKIL20181213154924.0161108b tu 000 0  a9786055614225 aMilasbturcTR-AnCHP atur a302.2bİ43 2009 a302.2 İ43 2009 aİletişim Özgürlüğüne MüdahalecAnkarad2009 aİletişim özgürlüğüne müdahalebPanelcTürkiye Barolar Birliği aAnkarabTürkiye Barolar Birliğic2011 a104 s.c23 sm. aTürkiye Barolar Birliği Yayınlarıv172 aTBB İnsan Hakları Merkezi Yayınıv12 aİfade özgürlüğüxToplantılarzTürkiye aİletişimxToplantılarzTürkiye aTürkiye Barolar Birliği 2ddccBKS a0001b0001d2016-11-08e2l0o302.2 İ43 2009p008454r2016-11-08 00:00:00v0.00w2016-11-08yBKS c3214d3214